La evolución social de América Latina (1950-1980): transición y cambio estructural
Guardado en:
| Autor principal: | |
|---|---|
| Formato: | Texto |
| Publicado: |
s.l:
s.e
|
| Etiquetas: |
Agregar Etiqueta
Sin Etiquetas, Sea el primero en etiquetar este registro!
|
MARC
| LEADER | 00000 a a2200000 04500 | ||
|---|---|---|---|
| 001 | 22927 | ||
| 003 | |||
| 040 | |||
| 090 | |a 158400 | ||
| 100 | |a Rama, Germán W. | ||
| 245 | |a La evolución social de América Latina (1950-1980): transición y cambio estructural | ||
| 260 | |a s.l: |b s.e | ||
| 300 | |a 81 p. | ||
| 999 | |c 5018 |d 5018 | ||
